Dark Souls III Bosses - Statistics

General Stats
  • This quiz has been taken 93 times
  • The average score is 23 of 26
Answer Stats
Hint Answer % Correct
The tutorial boss, who must be defeated in order to reach Firelink Shrine Iudex Gundyr
99%
A more powerful and uncorrupted version of the tutorial boss; Optional boss Champion Gundyr
97%
The first of the Lords of Cinder; they are stuck in a perpetual war with each other and are just as likely to attack each other as they are you Abyss Watchers
94%
A graceful and deadly feminine boss who is fought after three Lords of Cinder are killed or when Emma is killed at the High Wall of Lothric's church Dancer of the Boreal Valley
94%
The final boss of the main game and an amalgamation of all of the previous Lords of Cinder Soul of Cinder
94%
Fought in the cathedral at Irithyll of Boreal Valley; utilizes dual, magic swords and a clone of himself once his health is low enough Pontiff Sulyvahn
93%
The firstborn of Gwyn, who betrayed his father and had his name stripped from him; Optional boss The Nameless King
93%
Found at the High Wall of Lothric; crawls on all fours and wields a mace Vordt of the Boreal Valley
93%
One of the Lords of Cinder; a massive being who was featured prominently in the trailers for the game Yhorm the Giant
93%
Giant skeletal king who is fought in a pitch black arena and whose braclets must be broken in order to defeat him High Lord Wolnir
90%
Witch-like boss who has the head of a plague doctor and spawns many clones of himself once his health is rendered low enough Crystal Sage
89%
Mob boss who is fought at the Cathedral of the Deep and behaves much like a twisted version of the Vatican Deacons of the Deep
89%
A suit of armor animated by Pilgrim Butterflies and who must be defeated in order to access the Grand Archives Dragonslayer Armor
89%
The Last Lord of Cinder; cradles the back of his elder and larger brother Lothric, Younger Prince
89%
A dragon-like monster who was once a great king, and now seeks to protect his young child who may or may not even be there; Optional boss Oceiros, the Consumed King
89%
A shriveled, old demon who fights you surrounded by the corpses of his deceased brethren; Optional boss Old Demon King
89%
Has a grotesque, plant-like appearance and spews many acidic attacks; Optional boss who must be defeated in order to craft items from boss souls Curse-Rotted Greatwood
87%
The older and more powerful brother of the former, who must be fought alongside his brother and will continuously be revived until his brother is killed as well Lorian, Elder Prince
86%
The final boss of The Ringed City, who was once a helper to the player and now serves as the grueling finale to the Dark Souls trilogy Slave Knight Gael
86%
A lengthy, multi-phased boss who serves as the only main boss within the Ashes of Ariandel expansion Sister Friede & Father Ariandel
85%
One of the Lords of Cinder; currently consuming the body of Gwyndolin from the first game and utilizes arrow storms and a multitude of magic attacks Aldrich, Devourer of Gods
83%
The Ringed City's only optional boss, who serves as the series' last dragon boss and is also one of the hardest Darkeater Midir
80%
An intimidating dragon who is fought in a lengthy, platforming battle; Optional boss Ancient Wyvern
76%
Duo boss from The Ringed City, who will constantly buff and relax themselves throughout the fight; whichever survives longer becomes a far more powerful foe The Demon Princes
75%
An optional boss from Ashes of Ariandel that fights with the assitance of a pack of wolves Champion's Gravetender & Gravetender Greatwolf
68%
Ringed City NPC-like boss who will summon a hostile player to assist him in battle Halflight, Spear of the Church
63%
No matching quizzes found
Score Distribution
Percent of People with Each Score
Percentile by Number Answered
Your Score History
You have not taken this quiz